Prace botaniczne

Uložené v:
Podrobná bibliografia
Médium: Kniha
Jazyk:Polish
Vydané: Warszawa ; Kraków : Państwowe Wydawnictwo Naukowe, 1985
Vydanie:1. wyd.
Edícia:Zeszyty Naukowe Uniwersytetu Jagiellońskiego 752
Prace botaniczne
ISBN: 8301064927 (brož.)
Fyzický popis: 119 s.
Tagy: Pridať tag
Žiadne tagy, Buďte prvý kto otaguje tento záznam!

MARC

LEADER 00000nam a2200000 a 4500
001 000270708
005 20070312095703.0
008 060904s1985 pl e 000 0 polo
020 |a 8301064927 (brož.) 
040 |a SVKKK  |b slo  |c SVKKK  |e AACR2 
041 0 |a pol 
044 |a pl  |c PL 
245 0 0 |a Prace botaniczne 
250 |a 1. wyd. 
260 |a Warszawa ;  |a Kraków :  |b Państwowe Wydawnictwo Naukowe,  |c 1985 
300 |a 119 s. 
440 0 |a Zeszyty Naukowe Uniwersytetu Jagiellońskiego  |v 752  |n zesz. 13 
440 0 |p Prace botaniczne 
919 |a 83-01-06492-7 
998 |a BK 
090 |g SCKHL  |k Sklad Pribinova prízemie  |a IV.160188  |j 834549  |i B65966  |s Absenčne